[Event "CZE-chT1c 9495"]
[Site "?"]
[Date "1995.??.??"]
[Round "8"]
[White "Svitek, Jiri"]
[Black "Knazovcik, Ladislav"]
[Result "0-1"]
[WhiteElo "2175"]
[BlackElo "2310"]

1.c4 Nf6 2.Nf3 b6 3.g3 Bb7 4.Bg2 c5 5.O-O g6 6.b3 Bg7 7.Bb2 O-O 8.Nc3 d6
9.d4 cxd4 10.Nxd4 Bxg2 11.Kxg2 Qd7 12.e4 Qb7 13.f3 Nbd7 14.Qd2 a6 15.Nd5 e6
16.Nxf6+ Nxf6 17.Rfd1 Rfd8 18.Rac1 Rac8 19.Ba3 Ne8 20.Ne2 Qb8 21.Bb2 Bxb2
22.Qxb2 b5 23.Qd4 Qa8 24.Rd2 Rc5 25.b4 Rxc4 26.Rxc4 bxc4 27.Qxc4 Rc8 28.Qd3 Qb7
29.a3 Qc6 30.Kf2 Qa4 31.Nd4 Nf6 32.Nc2 d5 33.Ne3 dxe4 34.fxe4 Qb5 35.Kf3 Qh5+
36.Kg2 Qe5 37.Kf3 Rc3 38.Qd4 Qxd4 39.Rxd4 Rxa3 40.g4 h5 41.h3 hxg4+ 42.hxg4 Nxg4
43.Kxg4 Rxe3 44.Kf4 Ra3 45.e5 Ra4 46.Kg5 Kg7 47.Rd6 Rxb4 48.Rxa6 Rb1 49.Kf4 Rf1+
50.Kg4 Rf5 51.Ra5 Kh6 52.Ra7 g5 53.Rb7 Kg6 54.Rb5 f6  0-1

[Event "CZE-chT2b 9596"]
[Site "CZE"]
[Date "1995.??.??"]
[Round "?"]
[White "Groh, Jiri"]
[Black "Gschwendtner, Stanislav"]
[Result "1-0"]
[WhiteElo "2140"]
[BlackElo "2270"]

1.c4 c5 2.Nf3 Nf6 3.g3 b6 4.Bg2 Bb7 5.O-O g6 6.d4 cxd4 7.Qxd4 Bg7 8.Be3 d6
9.Nc3 Nbd7 10.h3 Rc8 11.b3 O-O 12.Qd2 Ne4 13.Nxe4 Bxa1 14.Nxd6 exd6 15.Rxa1 Qe7
16.Rd1 Ne5 17.Ne1 Bxg2 18.Nxg2 Rfd8 19.Nf4 f6 20.Nd5 Qf7 21.Bd4 f5 22.Qg5 Kf8
23.Nf6 b5 24.Nxh7+ Qxh7 25.Bxe5 bxc4 26.bxc4 Qe7 27.Bf6 Qxe2 28.Rd4 Qxa2
29.Qxg6 Qb1+ 30.Kh2  1-0

[Event "RUS-ch"]
[Site "Elista"]
[Date "1995.??.??"]
[Round "3"]
[White "Filippov, Valerij"]
[Black "Makarichev, Sergey"]
[Result "1-0"]
[WhiteElo "2510"]
[BlackElo "2540"]

1.Nf3 Nf6 2.c4 b6 3.g3 c5 4.Bg2 Bb7 5.O-O g6 6.Nc3 Bg7 7.d4 cxd4 8.Qxd4 d6
9.Rd1 Nbd7 10.b3 O-O 11.Bb2 Ne4 12.Qe3 Nxc3 13.Bxc3 Bxc3 14.Qxc3 Rc8 15.Qe3 Rc5
16.Rd4 a5 17.Rad1 Nf6 18.Rh4 Qc7 19.Qh6 Bxf3 20.Bxf3 Re5 21.g4 g5 22.Rh3 d5
23.Rxd5 e6 24.Be4  1-0

[Event "RUS-ch"]
[Site "Elista"]
[Date "1995.??.??"]
[Round "11"]
[White "Ionov, Sergey"]
[Black "Makarichev, Sergey"]
[Result "0-1"]
[WhiteElo "2525"]
[BlackElo "2540"]

1.Nf3 Nf6 2.c4 b6 3.g3 c5 4.Bg2 Bb7 5.O-O g6 6.Nc3 Bg7 7.d4 cxd4 8.Qxd4 d6
9.Rd1 Nbd7 10.b3 O-O 11.Bb2 Rc8 12.Qe3 Nc5 13.Bh3 Ncd7 14.Rac1 Rc5 15.Bg2 Re8
16.Nd4 Ng4 17.Qf4 Bxg2 18.Kxg2 Ndf6 19.Qf3 e5 20.Ndb5 e4 21.Qf4 Rf5 22.Qxf5 gxf5
23.Nxd6 Qd7 24.Nxe8 Qxe8 25.h3 Ne5 26.Nd5 h5 27.Nxf6+ Bxf6 28.Rd6 Qe7 29.Rcd1 Bg7
30.Ba3 Qb7 31.R6d5 h4 32.Bd6 Ng6 33.Rxf5 Qd7 34.Rfd5 Qe6 35.e3 Be5 36.g4 Qf6
37.Bxe5 Nxe5 38.Kg1 Qf3 39.R1d2 Nd3 40.Rf5 Qxh3  0-1

[Event "Genting zt"]
[Site "Genting"]
[Date "1995.??.??"]
[Round "8"]
[White "Nadera, Barlo A"]
[Black "Adianto, Utut"]
[Result "0-1"]
[WhiteElo "2405"]
[BlackElo "2585"]

1.Nf3 Nf6 2.c4 c5 3.g3 b6 4.Bg2 Bb7 5.O-O g6 6.b3 Bg7 7.Bb2 O-O 8.d4 cxd4
9.Qxd4 d6 10.Nc3 Nbd7 11.Nd5 Rc8 12.Nxf6+ Nxf6 13.Rfd1 Rc5 14.Rac1 Qa8 15.h3 Re8
16.Qe3 Rh5 17.Qc3 Qc8 18.Qe1 Rxh3 19.Bxh3 Qxh3 20.Qf1 Qh5 21.Bxf6 Bxf6 22.Nh2 Qa5
23.a4 h5 24.Qh3 Rd8 25.Nf3 Kg7 26.Rd3 e5 27.Ne1 Be4 28.Rdc3 Bf5 29.Qf1 e4
30.Re3 d5 31.cxd5 Rxd5 32.Nc2 Qd2 33.Na3 Bg5 34.Nc4 Qb4 35.f4 exf3 36.Rxf3 Bxc1
37.Qxc1 Qc5+ 38.Kh2 Be6 39.Rf4 Kg8 40.Qa1 g5 41.Rf1 Qd4 42.Qe1 Rc5 43.Nd2 Rc2
44.Nf3 Qe3 45.Ng1 Bg4 46.Qd1 Rd2 47.Qe1 a5 48.Rf6 h4 49.gxh4 Qe5+ 50.Kg2 Rb2
51.Qf2 Bxe2 52.Qxb6 Bc4+ 53.Rf2 Bd5+ 54.Nf3 g4 55.Rxb2 Bxf3+ 56.Kg1 Qxb2
57.Qd8+ Kh7 58.Qd3+ Kg7 59.Qb5 Qc1+ 60.Kf2 Qf4  0-1

[Event "Groningen op"]
[Site "Groningen"]
[Date "1995.??.??"]
[Round "?"]
[White "Lelchuk, Zoja"]
[Black "Roeder, Mathias"]
[Result "1/2-1/2"]
[WhiteElo "2335"]
[BlackElo "2460"]

1.Nf3 Nf6 2.c4 b6 3.g3 c5 4.Bg2 Bb7 5.O-O g6 6.Nc3 Bg7 7.d4 cxd4 8.Qxd4 Nc6
9.Qf4 Na5 10.Bd2 Rc8 11.b3 d5 12.cxd5 Nxd5 13.Nxd5 Bxa1 14.Nxe7 Qxe7 15.Rxa1 O-O
16.Bb4 Qxe2 17.Bxf8 Rxf8 18.Qf6 Re8 19.Re1 Qxe1+ 20.Nxe1 Rxe1+ 21.Bf1 Ba6
22.Qd8+ Kg7 23.Qd2 Rxf1+ 24.Kg2 Kg8 25.b4 Nc6 26.Qc3 Nd8 27.Qa3 Bc4 28.Qxa7 Rd1
29.a4 Bf1+ 30.Kf3 Rd3+ 31.Ke4 Rd4+ 32.Ke3 Rd3+ 33.Ke4 Rd4+ 34.Ke3 Rxb4 35.Qb8 Rb3+
36.Kd2 Rd3+ 37.Ke1 Bg2 38.Ke2 Rd7 39.f3 Kg7 40.Qxb6 Ne6 41.Kf2 Rd2+ 42.Ke3 Rd4
43.Qb2 Bf1 44.a5 h5 45.Qb6 Ra4 46.Qb3 Rd4 47.Qb6 Bc4 48.a6 Rd3+ 49.Kf2 Rd2+
50.Ke1 Re2+ 51.Kd1 Ra2 52.a7 Be2+ 53.Kc1 Bxf3 54.Qb3 Ra1+ 55.Kb2 Rxa7 56.Qxf3 Rc7
57.Qe4 Rc5 58.Qe3 Kf6 59.Qf3+ Rf5 60.Qe3 Rc5 61.Qf3+ Kg7 62.Qe3 Kg8 63.Qe4 Rf5
64.Qe3 h4 65.gxh4 Rh5 66.Qg3 Nd4 67.Ka3 Kh7 68.Qf4 Nf5 69.Qc7 Kg8 70.Qb8+ Kg7
71.Qe5+ Kf8 72.Qb8+ Ke7 73.Qe5+ Kd7 74.Qb5+ Ke6 75.Qc4+ Kf6 76.Qc3+ Ke6 77.Qc4+ Ke7
78.Qc7+ Kf8 79.Qb8+ Kg7 80.Qe5+ f6 81.Qc7+ Kf8 82.Qd8+ Kf7 83.Qd5+ Ke7 84.Qe4+ Kd6
85.Qf4+ Kd5 86.Qf3+ Ke5 87.Qc3+ Ke6 88.Qc8+ Kf7 89.Qc4+ Kf8 90.Qc8+ Ke7 91.Qc7+ Ke6
92.Qc8+ Kf7 93.Qc4+ Ke7 94.Qc7+ Kf8 95.Qc8+ Kf7 96.Qc4+  1/2-1/2

[Event "Hillerod Politiken"]
[Site "Hillerod"]
[Date "1995.??.??"]
[Round "7"]
[White "Nielsen, Uffe V"]
[Black "Ward, Christopher"]
[Result "0-1"]
[WhiteElo "2370"]
[BlackElo "2485"]

1.Nf3 c5 2.c4 b6 3.g3 Bb7 4.Bg2 Nf6 5.O-O g6 6.b3 Bg7 7.Bb2 O-O 8.Nc3 d6
9.d4 cxd4 10.Nxd4 Bxg2 11.Kxg2 Qc8 12.e3 Nbd7 13.h3 a6 14.Rc1 Nc5 15.Rc2 Re8
16.Kh2 Rb8 17.Nd5 Nfe4 18.b4 Na4 19.Ba1 e6 20.Rc1 exd5 21.Qxa4 dxc4 22.b5 Ng5
23.g4 Bxd4 24.Bxd4 Nf3+ 25.Kg3 Nxd4 26.exd4 d5 27.Rfe1 a5 28.Qc2 Qd7 29.a4 Qd6+
30.f4 Qa3+  0-1

[Event "HUN-chT2 9495"]
[Site "HUN"]
[Date "1995.??.??"]
[Round "?"]
[White "Brhlik, Gyorgy"]
[Black "Juhasz, Bela"]
[Result "0-1"]
[WhiteElo "2205"]
[BlackElo "2205"]

1.Nf3 Nf6 2.g3 b6 3.Bg2 Bb7 4.O-O c5 5.c4 g6 6.b3 Bg7 7.Bb2 O-O 8.d3 d5 9.cxd5 Qxd5
10.Nbd2 Na6 11.Rc1 Rac8 12.Nc4 Qh5 13.Ncd2 Rfd8 14.a3 Nc7 15.Qc2 Ne6 16.Qb1 b5
17.Rfe1 Qd5 18.Rc2 Nd4 19.Bxd4 cxd4 20.Rec1 Rxc2 21.Rxc2 Qd6 22.Qb2 Qb6 23.b4 Nd5
24.Nb3 e5 25.Ng5 h6 26.Ne4 f5 27.Nec5 Ba8 28.Kf1 Kh7 29.Na5 e4 30.Qb3 Nc3
31.Qe6 Rd6 32.Qe8 Bd5 33.Qe7 e3 34.Nd7 Bxg2+ 35.Kxg2 Qa6 36.fxe3 Nd1 37.Rc5 Nxe3+
38.Kf2 f4  0-1

[Event "HUN-chT2 9495"]
[Site "HUN"]
[Date "1995.??.??"]
[Round "?"]
[White "Pejko, Otomar"]
[Black "Kovacs, Elod"]
[Result "1/2-1/2"]
[WhiteElo "2215"]
[BlackElo "2245"]

1.Nf3 c5 2.c4 Nf6 3.g3 b6 4.Bg2 Bb7 5.O-O g6 6.b3 Bg7 7.Bb2 O-O 8.d3 e6 9.Nbd2 d5
10.Re1 d4 11.Qc2 Nc6 12.a3 Qc7 13.e3 dxe3 14.fxe3 Rad8 15.Bc3 Ne7 16.b4 Qd6
17.Rad1 Ne8 18.Nb3 Nc6 19.bxc5 bxc5  1/2-1/2

[Event "Ilioupolis"]
[Site "Ilioupolis"]
[Date "1995.??.??"]
[Round "5"]
[White "Nikolaidis, Ioannis"]
[Black "Pavlovic, Milos"]
[Result "1-0"]
[WhiteElo "2495"]
[BlackElo "2505"]

1.Nf3 Nf6 2.c4 b6 3.g3 Bb7 4.Bg2 c5 5.O-O g6 6.d4 cxd4 7.Nxd4 Bxg2 8.Kxg2 Bg7
9.Nc3 Nc6 10.b3 h5 11.f3 h4 12.Be3 Qb8 13.Bf4 Qb7 14.Nxc6 dxc6 15.Qe1 Nh5
16.Be3 hxg3 17.hxg3 Nxg3 18.Qxg3 Bxc3 19.Rad1 Bf6 20.Bd4 O-O-O 21.Qg4+ Qd7
22.Bxf6 Qxg4+ 23.fxg4 exf6 24.Rxd8+ Kxd8 25.Rxf6 Ke7 26.Rxc6 Kd7 27.Rf6 Ke7
28.Rf3 Rh4 29.Rf4 g5 30.Re4+ Kd6 31.e3 f6 32.Rd4+ Ke6 33.b4 Rh7 34.Rd2 f5
35.Rd5 fxg4 36.Rxg5 Rh3 37.Kf2 Rh2+ 38.Kg3 Rxa2 39.Rxg4 Rb2 40.b5 Rb1 41.Kf4 Rb4
42.Rg6+ Kd7 43.Ke5 Rxc4 44.Rg7+ Ke8 45.Rxa7 Rb4 46.Ke6 Re4+ 47.Kd6 Rxe3 48.Ra8+ Kf7
49.Rb8 Ra3 50.Kc6 Ke7 51.Kxb6 Kd7 52.Kb7 Rb3 53.b6 Rh3 54.Rc8 Rh6 55.Rc2 Rd6
56.Ka7 Rd1 57.Ra2 Rb1  1-0

[Event "Kemerovo2"]
[Site "Kemerovo"]
[Date "1995.??.??"]
[Round "7"]
[White "Zaitsev, Vadim"]
[Black "Mikhailov, V."]
[Result "1-0"]
[WhiteElo "2350"]
[BlackElo "2355"]

1.Nf3 Nf6 2.g3 b6 3.Bg2 Bb7 4.c4 c5 5.O-O g6 6.b3 Bg7 7.Bb2 O-O 8.Nc3 Na6
9.Rc1 d5 10.Nxd5 Nxd5 11.Bxg7 Kxg7 12.cxd5 Qxd5 13.d4 cxd4 14.Qxd4+ Qxd4
15.Nxd4 Bxg2 16.Kxg2 Rfc8 17.Nb5 Nb4 18.Nc7 Nxa2 19.Rc4 b5 20.Nxb5 Rxc4 21.bxc4 a6
22.Na3 Rb8 23.Ra1 Rb2 24.c5 Nb4 25.Rc1 Nc6 26.e3 Kf6 27.Nc4 Rb4 28.f4 Ke6
29.Kf3 f5 30.h3 Rb5 31.Nb6 Rb3 32.Rc4 Rb4 33.Rc3 Rb2 34.g4 Rb5 35.Na8 Kf7
36.Nc7 Ra5 37.g5 Ra2 38.Rb3 a5 39.Rb6 Nb4 40.h4 Nd3 41.c6 Rc2 42.Nb5 Nc5
43.Nd4 Ra2 44.Kg3 Ne4+ 45.Kh3 Nf2+ 46.Kg2 Ne4+ 47.Kf1 Ra1+ 48.Ke2 Rc1 49.Ra6 Nc5
50.Rxa5 Ne6 51.Nf3 Nd8 52.Ne5+ Ke6 53.Kd2 Nxc6 54.Ra6  1-0

[Event "EUCup f"]
[Site "Ljubljana"]
[Date "1995.??.??"]
[Round "1"]
[White "Damljanovic, Branko"]
[Black "Dvoirys, Semen I"]
[Result "0-1"]
[WhiteElo "2555"]
[BlackElo "2580"]

1.Nf3 Nf6 2.c4 c5 3.g3 b6 4.Bg2 Bb7 5.O-O g6 6.Nc3 Bg7 7.d4 cxd4 8.Qxd4 Nc6
9.Qf4 Rc8 10.Rb1 O-O 11.Rd1 a6 12.b3 Na7 13.Bb2 Qc7 14.Qe3 Rfe8 15.Na4 b5
16.cxb5 Nxb5 17.Rbc1 Qb8 18.Bxf6 Rxc1 19.Rxc1 Bxf6 20.Nc5 Bc8 21.a4 Nc7 22.Qd2 d6
23.Ne4 Bg7 24.Qa5 Ne6 25.b4 Bb7 26.Neg5 Bh6 27.h4 f6 28.Nxe6 Bxc1 29.b5 axb5
30.axb5 Rc8 31.Nfd4 Bxg2 32.Kxg2 Qa8+ 33.Qxa8 Rxa8 34.Nc6 Kf7 35.Nc7 Ra1
36.Nd8+ Kg8 37.e3 Bd2 38.Nde6 Ba5 39.Nd5 Kf7 40.Nd4 Rb1 41.Nxe7 Kxe7 42.Nc6+ Ke6
43.Nxa5 Rxb5 44.Nc6 Kd5 45.Ne7+ Ke4 46.Ng8 Ke5 47.Nh6 d5 48.Ng4+ Kf5 49.Nh2 Ke4
50.Nf3 Rb4 51.Ng1 d4 52.exd4 Rxd4 53.Nh3 h6 54.Nf4 g5 55.hxg5 hxg5 56.Nh5 Kf5
57.Ng7+ Kg6 58.Ne6 Rc4 59.Kf3 Kf7 60.Nd8+ Ke7 61.Nb7 Rc7 62.Na5 Rc5  0-1

[Event "Lvov"]
[Site "Lvov"]
[Date "1995.??.??"]
[Round "10"]
[White "Petrosian, Arshak B"]
[Black "Levin, Felix"]
[Result "1-0"]
[WhiteElo "2435"]
[BlackElo "2490"]

1.Nf3 Nf6 2.g3 b6 3.Bg2 Bb7 4.c4 c5 5.O-O g6 6.Nc3 Bg7 7.d4 cxd4 8.Qxd4 d6
9.Be3 Nbd7 10.Rac1 Rc8 11.b3 O-O 12.Qd2 Re8 13.Bh3 Ne4 14.Nxe4 Bxe4 15.Nd4 a6
16.Rfd1 Ba8 17.Nc2 Qc7 18.Nb4 Qb7 19.f3 Rcd8 20.Bg5 Nc5 21.Nd5 f6 22.Be3 e6
23.Nc3 d5 24.cxd5 exd5 25.Bd4 Ne6 26.Bxe6+ Rxe6 27.Na4 Rde8 28.Re1 f5 29.Kf2 Qe7
30.Rc2 Bc6 31.Bxg7 Qxg7 32.Qf4 d4 33.Rd2 Bxa4 34.bxa4 Rd8 35.Rc1 Re5 36.h4 Rc5
37.Rcd1 Rc4 38.Kf1 Rxa4 39.e3 d3  1-0

[Event "Lyon op"]
[Site "Lyon"]
[Date "1995.??.??"]
[Round "2"]
[White "Kirov, Nino"]
[Black "Luchetti, Pedro"]
[Result "1-0"]
[WhiteElo "2455"]
[BlackElo "2110"]

1.Nf3 Nf6 2.c4 b6 3.g3 c5 4.Bg2 Bb7 5.O-O g6 6.Nc3 Bg7 7.d4 cxd4 8.Qxd4 Nc6
9.Qh4 h6 10.Nd4 g5 11.Nxc6 dxc6 12.Qh3 Qd7 13.Qxd7+ Nxd7 14.a4 Bxc3 15.bxc3 O-O-O
16.f4 g4 17.f5 Ne5 18.c5 f6 19.cxb6 axb6 20.Rb1 Kc7 21.Bf4 Ba6 22.Kf2 h5
23.Rb4 Rb8 24.Re4 Rhf8 25.Ke3 Bc8 26.Rxe5 fxe5 27.Bxe5+ Kb7 28.Bxb8 Kxb8
29.Bxc6 Rf6 30.Bd5 Bd7  1-0

[Event "Moscow op"]
[Site "Moscow"]
[Date "1995.??.??"]
[Round "9"]
[White "Dragomarezkij, Evgeni"]
[Black "Gavrilov, Alexei"]
[Result "1-0"]
[WhiteElo "2465"]
[BlackElo "2390"]

1.Nf3 c5 2.c4 Nf6 3.g3 b6 4.Bg2 Bb7 5.O-O g6 6.b3 Bg7 7.Bb2 O-O 8.Nc3 Na6
9.d4 d5 10.Ne5 e6 11.dxc5 Nxc5 12.cxd5 exd5 13.Nf3 Re8 14.Rc1 Rc8 15.Rc2 a6
16.Nd4 b5 17.Bh3 Rc7 18.e3 Nfe4 19.b4 Nxc3 20.Rxc3 Na4 21.Rxc7 Qxc7 22.Qd2 Nb6
23.Ba1 Nc4 24.Qc3 Qb6 25.Rc1 Bc8 26.Bg2 Bb7 27.Qe1 Ne5 28.Rd1 Rc8 29.Nb3 Rc2
30.Bd4 Qc7 31.Nc5 Nc4 32.Bxg7 Kxg7 33.Bxd5 Bxd5 34.Rxd5 Qc6 35.Qd1 Rb2 36.Qd4+ Kh6
37.g4 Nb6 38.g5+ Kh5 39.Qd1+ Kh4 40.Rd4+ Kxg5 41.Rg4+ Kh6 42.Rh4+  1-0

[Event "Nagykanizsa op "]
[Site "Nagykanizsa"]
[Date "1995.??.??"]
[Round "?"]
[White "Domotor, Jozsef"]
[Black "Kovac, Boris"]
[Result "0-1"]
[WhiteElo "2150"]
[BlackElo "2330"]

1.Nf3 Nf6 2.g3 b6 3.Bg2 Bb7 4.c4 c5 5.O-O g6 6.b3 Bg7 7.Bb2 O-O 8.Nc3 d5
9.Nxd5 Nxd5 10.Bxg7 Kxg7 11.cxd5 Bxd5 12.d4 Na6 13.dxc5 Nxc5 14.Qd4+ f6 15.Rfd1 Bxf3
16.Bxf3 Qxd4 17.Rxd4 Rad8 18.Rad1 Rxd4 19.Rxd4 e5 20.Rc4 Rd8 21.b4 Ne6 22.e3 f5
23.Bb7 e4 24.h4 Rd6 25.Bc8 Kf6 26.Bxe6 Kxe6 27.a4 Rd1+ 28.Kg2 Ra1 29.b5 Kd5
30.Rd4+ Kc5 31.g4 Ra3 32.gxf5 gxf5 33.Rd7 Rxa4 34.Rxh7 Kxb5 35.h5 a5 36.Rg7 Rc4
37.h6 Rc6 38.h7 Rh6 39.Kg3 a4 40.Kf4 Rh5 41.Rf7 Kc4 42.Rc7+ Kb4 43.Ke5 a3
44.Kf6 a2 45.Ra7 Kb3 46.Kg6 Rh2  0-1

[Event "CZE-ch"]
[Site "Olomouc"]
[Date "1995.??.??"]
[Round "?"]
[White "Stocek, Jiri"]
[Black "Ramik, Zdenek"]
[Result "0-1"]
[WhiteElo "2480"]
[BlackElo "2345"]

1.Nf3 Nf6 2.c4 b6 3.g3 Bb7 4.Bg2 c5 5.O-O g6 6.Nc3 Bg7 7.d4 cxd4 8.Qxd4 O-O
9.Qh4 d6 10.Rd1 Nbd7 11.b3 Rc8 12.Bg5 Rc5 13.b4 Rc8 14.Rac1 h6 15.Bxh6 Bxh6
16.Qxh6 Rxc4 17.e4 Qc8 18.Nd5 Bxd5 19.exd5 Ng4 20.Qg5 Ndf6 21.h3 Nxf2 22.Rxc4 Qxc4
23.Rd4 Qe2 24.Rh4 Nd1 25.Kh2 Ne3 26.Ne1 Nf1+ 27.Kg1 Qxe1 28.Bxf1 Ne4 29.Qf4 Nxg3  0-1

[Event "Riga op"]
[Site "Riga"]
[Date "1995.??.??"]
[Round "?"]
[White "Fridman, Daniel"]
[Black "Tunik, Gennady"]
[Result "1/2-1/2"]
[WhiteElo "2440"]
[BlackElo "2530"]

1.Nf3 Nf6 2.c4 b6 3.g3 Bb7 4.Bg2 c5 5.O-O g6 6.b3 Bg7 7.Bb2 O-O 8.Nc3 Na6
9.e3 Qb8 10.Qe2 e5 11.e4 d6 12.Nd5 Nxd5 13.cxd5 Nc7 14.d3 f5 15.Nd2 f4 16.Nc4 Qd8
17.a4 Ne8 18.Bc3 a5 19.f3 Bc8 20.Ra2 g5 21.g4 h5 22.Bh3 Rb8 23.Qg2 Qd7 24.Kh1 Nf6
25.Rg1 hxg4 26.Bxg4 Nxg4 27.Qxg4 Qxg4 28.fxg4 Rf6 29.h3 Rh6 30.Kg2 Kf7 31.Rh1 Ke7
32.Kf3 Bf6 33.Be1 Kd7 34.Na3 Ba6 35.Nb5 Rbh8 36.Rah2 Be7 37.Bf2 Kc8 38.Be1 Kb8
39.Bf2 Bc8 40.Be1 Bd7 41.Bf2 Kb7 42.Be1 Bd8 43.Na3 Ka6 44.Bf2 Be7 45.Be1 R6h7
46.Bf2 Rb8 47.Ra1 b5 48.axb5+ Bxb5 49.Nxb5 Rxb5 50.Ra3 Bd8 51.Be1 Kb7 52.Bc3 Kc8
53.Be1 Kd7 54.Bc3 Ke8 55.Be1 Rhb7 56.Rb2 a4 57.Rxa4 Rxb3 58.Rxb3 Rxb3 59.Ke2 Rb2+
60.Kf3 Be7 61.Bf2 Rd2 62.Ra3 Rd1 63.Ra8+ Kf7 64.Ra3 Bd8 65.Ra7+ Ke8 66.Ra3 Kd7
67.Ra7+ Bc7 68.Ra3 Kc8 69.h4 gxh4 70.Bxh4 Rh1 71.Bf2 Bd8 72.Ra8+ Kd7 73.Ra7+ Ke8
74.Ra8 Kd7 75.Ra7+ Ke8 76.Ra8  1/2-1/2

[Event "Ringsted op"]
[Site "Ringsted"]
[Date "1995.??.??"]
[Round "3"]
[White "Aagaard, Jacob"]
[Black "Brinck Claussen, Bjorn"]
[Result "0-1"]
[WhiteElo "2245"]
[BlackElo "2355"]

1.Nf3 Nf6 2.c4 b6 3.g3 Bb7 4.Bg2 c5 5.O-O g6 6.b3 Bg7 7.Bb2 O-O 8.Nc3 Na6
9.Rc1 e6 10.d4 d5 11.cxd5 Nxd5 12.Nxd5 Bxd5 13.Qd2 cxd4 14.Nxd4 Bxg2 15.Kxg2 Qd5+
16.Kg1 Rfd8 17.Rfd1 Rd7 18.Bc3 Rad8 19.Nf3 Qb7  0-1

[Event "Rostov on Don (Women)"]
[Site "Rostov"]
[Date "1995.??.??"]
[Round "7"]
[White "Shumiakina, Tatiana"]
[Black "Kulish, Irina"]
[Result "1/2-1/2"]
[WhiteElo "2350"]
[BlackElo "2245"]

1.Nf3 Nf6 2.c4 c5 3.g3 b6 4.Bg2 Bb7 5.O-O g6 6.Nc3 Bg7 7.d4 cxd4 8.Qxd4 Nc6
9.Qh4 h6 10.Qf4 Rc8 11.b3 d5 12.Bb2 dxc4 13.Rfd1 Qc7 14.Qxc7 Rxc7 15.Nb5 Rc8
16.Ne5 Nd7 17.Rxd7 Bxe5 18.Rxb7 Bxb2 19.Rd1 O-O 20.bxc4 Bf6 21.Nc7 Na5 22.Rxa7 Nxc4
23.Nd5 Rfd8 24.Rc1 Kf8 25.Be4 Bg5 26.f4 Bf6 27.Nxf6 exf6 28.Bd3 Nb2 29.Rxc8 Rxc8
30.Bb5 Nd1 31.a4 Nc3 32.Rb7 Nxb5 33.axb5 f5 34.Rxb6 Rc2 35.Kf2 Rb2 36.Kf3 Kg7
37.Rb8 h5 38.b6 Rb3+ 39.Kf2 Kf6 40.h3 Rb2 41.Kf3 Rb3+ 42.e3 Rb2 43.g4 fxg4+
44.hxg4 h4 45.g5+ Ke7 46.Kg4 h3 47.Kxh3 Rb3 48.Rb7+ Ke6 49.Kg2 Rxe3 50.Rc7 Rb3
51.b7 f6 52.Rc6+ Kf7 53.Rc7+ Ke6 54.Rc6+ Kf7 55.Rxf6+ Kg7 56.Re6 Rxb7 57.Kf3 Ra7
58.Ke4 Ra4+ 59.Ke5 Ra5+ 60.Kd6 Ra6+ 61.Kd7 Ra7+ 62.Kd8 Ra8+ 63.Kc7 Ra7+ 64.Kb6 Ra4
65.Rf6 Ra1 66.Kb5 Ra7 67.Rd6 Kf7 68.Kc5 Ra5+ 69.Kd4 Ra4+ 70.Ke5 Ra5+ 71.Rd5 Ra7
72.Rc5 Rd7 73.Rc6 Re7+ 74.Kd5 Rd7+ 75.Rd6 Ra7 76.Rf6+ Kg7 77.Rc6 Ra5+ 78.Rc5 Ra7
79.Ke6 Ra6+ 80.Ke5 Ra7 81.Kd6 Kf7 82.Rc6 Re7 83.Kd5 Ra7 84.Rf6+ Kg7 85.Rb6 Kf7
86.Kd6 Re7 87.Rb4 Ra7 88.Rc4 Ra6+ 89.Kd5 Ra5+ 90.Rc5 Ra7 91.Rb5 Rc7 92.Ra5 Rb7
93.Ra4 Rc7 94.Kd6 Re7 95.Kc6 Re6+ 96.Kc5 Re7 97.Kc6 Re6+ 98.Kb5 Re7 99.Rd4 Rc7
100.Rd6 Ra7 101.Rf6+ Kg7 102.Rd6 Kf7 103.Rd4 Ke6 104.Kc5  1/2-1/2

[Event "Sitges op"]
[Site "Sitges"]
[Date "1995.??.??"]
[Round "8"]
[White "Marin, Mihail"]
[Black "Fernandez, Juan Luis"]
[Result "1/2-1/2"]
[WhiteElo "2520"]
[BlackElo "2305"]

1.c4 c5 2.Nf3 Nf6 3.g3 b6 4.Bg2 Bb7 5.O-O g6 6.Nc3 Bg7 7.d4 cxd4 8.Qxd4 O-O
9.Qh4 d6 10.Rd1 Nbd7 11.Be3 Rc8 12.Rac1 Re8 13.b3 Qc7 14.Bh3 Rcd8 15.Bh6 a6
16.Ng5 e6 17.Bxg7 Kxg7 18.Qd4 Qc5 19.Nf3 Ne5 20.Ne1 Qxd4 21.Rxd4 d5 22.Bg2 Nc6
23.Rdd1 dxc4 24.bxc4 Na5 25.Bxb7 Nxb7 26.Na4 Rxd1 27.Rxd1 b5 28.Rb1 Nd6 29.cxb5 axb5
30.Nc3 Ra8 31.Nd3 Nfe4 32.Nxe4 Nxe4 33.Rxb5 Rxa2 34.Rb2  1/2-1/2

[Event "CRO-ch"]
[Site "Slavonski Brod"]
[Date "1995.??.??"]
[Round "?"]
[White "Marangunic, Srdjan"]
[Black "Lalic, Bogdan"]
[Result "1/2-1/2"]
[WhiteElo "2445"]
[BlackElo "2590"]

1.c4 c5 2.Nf3 Nf6 3.g3 b6 4.Bg2 Bb7 5.O-O g6 6.b3 Bg7 7.Bb2 O-O 8.e3 Na6
9.a3 e6 10.d3 d5 11.Qe2 Qe7 12.Nbd2 Rad8 13.Rfd1 dxc4 14.bxc4  1/2-1/2

[Event "St Petersburg-ch"]
[Site "St Petersburg"]
[Date "1995.??.??"]
[Round "7"]
[White "Nepomnishay, Mikhail I"]
[Black "Solozhenkin, Evgeniy"]
[Result "1/2-1/2"]
[WhiteElo "2410"]
[BlackElo "2480"]

1.Nf3 Nf6 2.c4 b6 3.g3 c5 4.Bg2 Bb7 5.O-O g6 6.b3 Bg7 7.Bb2 O-O 8.Nc3 Na6
9.Rc1 Rc8 10.Qc2 d5 11.Nxd5 Nxd5 12.Bxg7 Kxg7 13.cxd5  1/2-1/2

[Event "Stockholm-B"]
[Site "Stockholm"]
[Date "1995.??.??"]
[Round "10"]
[White "Poley, Vladimir"]
[Black "Hedman, Erik"]
[Result "1-0"]
[WhiteElo "2355"]
[BlackElo "2280"]

1.Nf3 Nf6 2.g3 b6 3.Bg2 Bb7 4.O-O c5 5.c4 g6 6.b3 Bg7 7.Bb2 O-O 8.d3 d6 9.a3 a6
10.b4 Nbd7 11.Nbd2 Qc7 12.Qc2 a5 13.Rfb1 e5 14.Bc3 axb4 15.axb4 Bc6 16.Qb2 Rfb8
17.b5 Bb7 18.Rxa8 Rxa8 19.Ra1 Qb8 20.Nf1 Ne8 21.e4 Ra7 22.Ne3 Qa8 23.Rxa7 Qxa7
24.h4 Nc7 25.Bh3 Nf8 26.Nd5 Bxd5 27.exd5 Qa4 28.Nd2 f5 29.Bf1 Ne8 30.Be2 h5
31.Nf3 Nf6 32.Ng5 N8d7 33.Ne6 Kf7 34.Qd2 Qa3 35.Bb2 Qa2 36.Kg2 Nxd5 37.Ng5+ Ke7
38.cxd5 Qxd5+ 39.Bf3 Qb3 40.Bc6 d5 41.Nf3 d4 42.Qg5+ Bf6 43.Qxg6  1-0

[Event "ITA-ch"]
[Site "Verona"]
[Date "1995.??.??"]
[Round "5"]
[White "Sarno, Spartaco"]
[Black "Tatai, Stefano"]
[Result "0-1"]
[WhiteElo "2405"]
[BlackElo "2435"]

1.c4 Nf6 2.Nf3 c5 3.g3 b6 4.Bg2 Bb7 5.O-O g6 6.Nc3 Bg7 7.d4 cxd4 8.Qxd4 O-O
9.Qh4 d6 10.Bg5 Nbd7 11.Rac1 Rc8 12.Rfd1 Re8 13.b3 Rc5 14.b4 Rc8 15.Ne1 Bxg2
16.Nxg2 a5 17.a3 axb4 18.axb4 h6 19.Bxh6 Bxh6 20.Qxh6 Rxc4 21.Ne3 Rxb4 22.Ncd5 Re4
23.Rc6 Re5 24.Qh4 b5 25.Qb4 Nxd5 26.Nxd5 Qb8 27.e4 Nc5 28.Rb6 Rxd5 29.Rxb8 Rxd1+
30.Kg2 Rxb8 31.h4 e5 32.Qa3 b4 33.Qf3 Rd4 34.h5 gxh5 35.Qxh5 b3  0-1

[Event "Wattens op"]
[Site "Wattens"]
[Date "1995.??.??"]
[Round "?"]
[White "Erlacher, Herbert"]
[Black "Martic, Mato"]
[Result "0-1"]
[WhiteElo "1800"]
[BlackElo "1845"]

1.Nf3 Nf6 2.c4 c5 3.g3 b6 4.Bg2 Bb7 5.O-O g6 6.d3 Bg7 7.Nc3 O-O 8.e4 d6 9.h3 Na6
10.Qe2 Nc7 11.Ne1 a6 12.a4 Ne6 13.Nc2 Nh5 14.Kh2 Nd4 15.Nxd4 cxd4 16.Nd5 e6
17.Nf4 Nxf4 18.Bxf4 e5 19.Bd2 f5 20.f4 Qd7 21.b4 Rae8 22.Bf3 exf4 23.gxf4 d5
24.cxd5 Bxd5 25.e5 Rc8 26.Rfc1 g5 27.a5 b5 28.Qg2 Bxf3 29.Qxf3 Rfe8 30.Qg2 gxf4
31.Bxf4 Kh8 32.Rxc8 Rxc8 33.Re1 Qe6 34.Qb7 h6 35.Re2 Bf8 36.Qb6 Qd5 37.Qg6 Qf3
38.Qxf5 Qxe2+ 39.Kg3 Qc2 40.e6 Bg7 41.e7 Rg8 42.Qg6 Qe2  0-1

[Event "Oberliga Wuert9495"]
[Site "Wuerttemberg"]
[Date "1995.??.??"]
[Round "?"]
[White "Schmitt, Axel"]
[Black "Ambroz, Jan"]
[Result "1/2-1/2"]
[WhiteElo "2350"]
[BlackElo "2420"]

1.Nf3 Nf6 2.c4 b6 3.g3 Bb7 4.Bg2 c5 5.O-O g6 6.Nc3 Bg7 7.d4 cxd4 8.Nxd4 Bxg2
9.Kxg2 Qc8 10.b3 Qb7+ 11.f3 O-O 12.e4 d6 13.Nd5 e6 14.Nxf6+ Bxf6 15.Ba3 Rd8
16.Nb5 Na6 17.Bxd6 Nc5 18.b4 a6 19.Nc7 Nxe4 20.fxe4 Qxe4+ 21.Qf3 Qxf3+ 22.Kxf3 Bxa1
23.Rxa1 Ra7 24.c5 bxc5 25.bxc5 Rc8 26.Nxe6 fxe6 27.Rb1 Kf7 28.Ke4 Kf6  1/2-1/2

[Event "AUT-chT9697"]
[Site "Austria"]
[Date "1996.??.??"]
[Round "1"]
[White "Hoelzl, Franz"]
[Black "Stohl, Igor"]
[Result "1/2-1/2"]
[WhiteElo "2435"]
[BlackElo "2560"]

1.Nf3 Nf6 2.c4 b6 3.g3 c5 4.Bg2 Bb7 5.O-O g6 6.b3 Bg7 7.Bb2 O-O 8.Nc3 Na6
9.Qb1 e6 10.Rd1 Qe7 11.e3 d5 12.cxd5 exd5 13.d4 Ne4 14.Ne5 Nc7 15.Nxe4  1/2-1/2

[Event "Balatonbereny op"]
[Site "Balatonbereny"]
[Date "1996.??.??"]
[Round "7"]
[White "Gyorkos, Lajos"]
[Black "Adorjan, Andras"]
[Result "1/2-1/2"]
[WhiteElo "2390"]
[BlackElo "2525"]

1.Nf3 Nf6 2.g3 b6 3.Bg2 Bb7 4.O-O c5 5.c4 g6 6.Nc3 Bg7 7.d4 cxd4 8.Qxd4 Nc6
9.Qf4 Na5 10.Bd2 Rc8 11.b3 d5 12.Rad1 dxc4  1/2-1/2

[Event "Bern Cup"]
[Site "Bern"]
[Date "1996.??.??"]
[Round "1"]
[White "Lagunow, Alexander"]
[Black "Wojtkiewicz, Aleksander"]
[Result "1-0"]
[WhiteElo "2420"]
[BlackElo "2550"]

1.Nf3 c5 2.g3 b6 3.Bg2 Bb7 4.c4 Nf6 5.O-O g6 6.b3 Bg7 7.Bb2 O-O 8.Nc3 Na6
9.d4 d5 10.e3 dxc4 11.bxc4 cxd4 12.exd4 Rc8 13.Qa4 Qc7 14.Rfe1 e6 15.Ba3 Rfd8
16.Nb5 Qb8 17.Ne5 Bxg2 18.Kxg2 Qb7+ 19.Kg1 Ne8 20.Rab1 Ra8 21.Rbd1 Bf8 22.Bxf8 Kxf8
23.c5 Nb8 24.Rc1 bxc5 25.dxc5 Rd5 26.Nd4 Qc7 27.Nef3 Nd7 28.Rxe6 Rxc5 29.Rce1 Nb6
30.Rxe8+ Kg7 31.Qb4 Rxe8 32.Rxe8 Nd5 33.Qd2 Nf6 34.Re1 Rd5  1-0

[Event "Bern Cup"]
[Site "Bern"]
[Date "1996.??.??"]
[Round "5"]
[White "Kengis, Edvins"]
[Black "Lagunow, Alexander"]
[Result "1/2-1/2"]
[WhiteElo "2570"]
[BlackElo "2420"]

1.Nf3 Nf6 2.g3 b6 3.Bg2 Bb7 4.c4 c5 5.O-O g6 6.b3 Bg7 7.Bb2 O-O 8.Nc3 Na6
9.d4 d5 10.dxc5 Nxc5 11.Nxd5 Nxd5 12.Bxg7 Kxg7 13.cxd5 Qxd5 14.Qxd5  1/2-1/2